000 00651nam a2200229Ia 4500
005 20250508165339.0
008 008 250505s9999 xx 000 0 eng d
020 _a978-93-80607-14-6
037 _aTextual
040 _aFEDL
_beng
_cFEDL
041 _aeng
_2eng
084 _a305.4, CHA
_qFEDL
100 _aCharak Posh Ed.
_9722783
245 0 _aWomen and development: Self, society and empowerment
260 _aDelhi, India
_bPrimus Books
_c2012
300 _axxv, 284p.
365 _aINR
_b995
490 _aJUPA Series
700 _a Mohan Chandra Ed.
_9780574
942 _cTEXL
_h305.4, CHA
999 _c1394601
_d1394601